Statistiche per Stemmi Squadre di calcio - UEFA - Quiz n°22

Clicka qui per fare il quiz!

Statistiche generali

  • Questo quiz è stato fatto 40 volte
  • Il punteggio medio è 9 su 10

Statistiche sulle risposte

Risposta% Corretto
S.P.A.L.
100%
Paris Saint-Germain Football Club
97%
Unione Sportiva Lecce
97%
Getafe Club de Fútbol
94%
Olympique Lyonnais
94%
Sport-Club Paderborn 07
91%
Moadon Kaduregel Hapoel Be'er Sheva
89%
Verein für Bewegungsspiele Stuttgart 1893
86%
Fotballklubben Bodø/Glimt
83%
Grasshopper Club Zürich
40%

Distribuzione punteggi

Percentile per numero di risposta

Percentuale di utenti per punteggio

I tuoi punteggi nel tempo

Non hai fatto questo quiz